Name Every The Walking Dead Episode (season 1-6) - Statistics

General Stats
  • This quiz has been taken 402 times
    253 since last reset
  • The average score is 30 of 83
Answer Stats
episode # Answer % Correct
s1e1 days gone by
72%
s4e16 a
71%
s1e3 tell it to the frogs
70%
s1e2 guts
64%
s1e6 ts-19
54%
s1e4 vatos
53%
s4e8 too far gone
51%
s1e5 wildfire
49%
s2e7 pretty much dead already
48%
s2e4 cherokee rose
47%
s2e8 nebraska
46%
s2e10 18 miles out
45%
s5e1 No Sanctuary
45%
s2e13 beside the dying fire
44%
s2e12 better angels
44%
s2e5 chupacabra
44%
s3e2 sick
44%
s3e1 seed
43%
s4e1 30 days without an accident
42%
s2e2 bloodletting
42%
s5e8 coda
42%
s5e3 Four walls and a roof
41%
s3e4 killer within
41%
s6e2 Jss
40%
s6e16 last day on earth
40%
s2e6 secrets
40%
s6e5 now
39%
s3e12 clear
38%
s3e10 home
38%
s2e11 judge jury executioner
38%
s3e16 welcome to the tombs
38%
s2e1 what lies ahead
38%
s4e9 after
37%
s3e13 arrow on the doorpost
37%
s4e15 us
37%
s2e3 save the last one
36%
s4e14 the grove
36%
s2e9 triggerfinger
36%
s3e11 i aint a judas
35%
s4e2 infected
35%
s3e3 walk with me
35%
s4e12 still
34%
s4e11 claimed
33%
s5e13 forget
33%
s3e6 hounded
33%
s3e8 made to suffer
33%
s6e9 no way out
33%
s3e14 prey
33%
s6e3 Thank you
33%
s3e9 the suicide king
33%
s5e9 what happened and whats going on
33%
s4e5 internment
32%
s4e3 isolation
32%
s5e10 them
32%
s5e16 conquer
31%
s4e4 indifference
31%
s5e12 remember
31%
s5e4 slabtown
31%
s3e15 this sorrowful life
31%
s3e7 when the dead come knocking
31%
s5e14 spend
30%
s5e15 try
30%
s4e13 alone
29%
s4e7 dead weight
29%
s4e6 live bait
29%
s3e5 say the word
29%
s6e1 first time again
28%
s6e4 Here's not here
28%
s4e10 inmates
28%
s5e7 crossed
26%
s6e15 east
26%
s5e2 Strangers
26%
s5e5 self help
25%
s5e11 the distance
25%
s5e6 consumed
23%
s6e8 start to finish
22%
s6e7 heads up
21%
s6e12 not tomorrow yet
20%
s6e10 the next world
20%
s6e6 always accountable
19%
s6e13 the same boat
19%
s6e14 twice as far
19%
s6e11 knots untie
18%
No matching quizzes found
Score Distribution
Percent of People with Each Score
Percentile by Number Answered
Your Score History
You have not taken this quiz since the last reset